| 000 | 00000nam 2200000za 4500 |
| 001 | 9.581636 |
| 003 | CaOODSP |
| 005 | 20221107134108 |
| 007 | cr ||||||||||| |
| 008 | 150406t19941995xxc ||||o f000 0 eng d |
| 020 | |z0-662-22935-5 |
| 040 | |aCaOODSP|beng |
| 043 | |an-cn--- |
| 086 | 1 |aA54-8/1995-4E-PDF|zA54-8/1995-4E |
| 245 | 00|aCanada's animal genetic resources |h[electronic resource] : |bgoat breeds in Canada / |ceditor, J.N.B. Shrestha. |
| 246 | 10|aGoat breeds in Canada |
| 250 | |a1st ed. November 1994 |
| 260 | |aOttawa : |bResearch Branch, Agriculture and Agri-Food Canada. |c1994, c1995. |
| 300 | |a112 p. |
| 490 | 1 |aTechnical bulletin ; |v1995-4E |
| 500 | |a"Centre for Food and Animal Research contribution number 95-02" |
| 500 | |aHistorical publication digitized by Agriculture and Agri-Food Canada. |
| 500 | |aIssued also in French under title: Ressources zoogénétiques du Canada : les races caprines au Canada. |
| 590 | |a15-05-Supp|b2015-03-31 |
| 690 | 07|aGenetics|2gcpds |
| 700 | 1 |aShrestha, J. N. B. |
| 710 | 1 |aCanada. |bAgriculture and Agri-Food Canada. |bResearch Branch. |
| 775 | 08|tRessources zoogénétiques du Canada |w(CaOODSP)9.608402 |
| 776 | 0#|tCanada's animal genetic resources: goat breeds in Canada / |w(CaOODSP)9.611841 |
| 830 | #0|aTechnical bulletin (Canada. Agriculture and Agri-Food Canada. Research Branch)|v1995-4E|w(CaOODSP)9.507590 |
| 856 | 40|ahttp://publications.gc.ca|qPDF|s6.53 MB|uhttps://publications.gc.ca/collections/collection_2015/aac-aafc/A54-8-1995-4-eng.pdf|y1995-4E |